Los Borgia (Record no. 140118)

MARC details
000 -LEADER
campo de control de longitud fija 00604nam a2200181 i 4500
001 - NÚMERO DE CONTROL
campo de control 140118
003 - IDENTIFICADOR DE NÚMERO DE CONTROL
campo de control ES-MaACL
005 - FECHA Y HORA DE LA ÚLTIMA TRANSACCIÓN
campo de control 20230906200017.0
007 - CAMPO FIJO DE DESCRIPCIÓN FÍSICA--INFORMACIÓN GENERAL
campo de control de longitud fija t|
008 - DATOS DE LONGITUD FIJA--INFORMACIÓN GENERAL
campo de control de longitud fija 070214s1967 sp r ||||1| spa d
100 1# - ENTRADA PRINCIPAL--NOMBRE DE PERSONA
Nombre de persona Schueller-Piroli, Susanne.
9 (RLIN) 104744
245 14 - MENCIÓN DEL TÍTULO
Título Los Borgia
Resto del título : leyenda e historia de una familia /
Mención de responsabilidad, etc. Susanne Schueller-Piroli ; versión de Antonio Pensado Tomé.
260 ## - PUBLICACIÓN, DISTRIBUCIÓN, ETC.
Lugar de publicación, distribución, etc. Barcelona :
Nombre del editor, distribuidor, etc. Luis de Caralt,
Fecha de publicación, distribución, etc. 1967.
300 ## - DESCRIPCIÓN FÍSICA
Extensión 486 p., 16 lám. ;
Dimensiones 22 cm.
600 34 - PUNTO DE ACCESO ADICIONAL DE MATERIA--NOMBRE DE PERSONA
Nombre de persona Borgia (Familia)
9 (RLIN) 30482
700 1# - ENTRADA AGREGADA--NOMBRE PERSONAL
Nombre de persona Pensado Tomé, Antonio.
9 (RLIN) 90191
852 ## - LOCALIZACIÓN
Ubicación ES-MaACL
Número de control de estantería G-5549
Sublocalización o colección R.65217
Holdings
Estatus retirado Estado de pérdida Estado de daño No para préstamo Biblioteca de origen Biblioteca actual Ubicación en estantería Fecha de adquisición Fuente de adquisición Total de préstamos Signatura topográfica completa Código de barras Visto por última vez Precio de reemplazo Tipo de ítem Koha
        Biblioteca del Ateneo de Madrid Biblioteca del Ateneo de Madrid Depósito 2 17/01/2008     G-5549 1145811 23/02/2023 23/02/2023 Libro impreso